000 01830nam a22001577a 4500
999 _c520675
_d520675
008 220930b ||||| |||| 00| 0 eng d
100 _aUsterLink, A. VashdiLink, D. and Itai, B.
_934717
245 _aEnhancing local service effectiveness through purpose-oriented networks: The role of network leadership and structure
260 _aAmerican Review of Public Administration
300 _a52(4), May, 2022: p.298-316
520 _aThe public administration literature has demonstrated that the manner in which a network is led is related to its effectiveness. However, why this relationship occurs and whether it is dependent on external circumstances remain unclear. Relying on Provan and Milward's framework of interorganizational network effectiveness and the neo-institutional approach to local leadership, we propose that the manner in which the local authority leads the local network is related to the network's structure, which, in turn, influences its effectiveness. We also propose that this association is contingent on the characteristics of the local authority in which the network exists. Using a sample of 586 network participants from 68 Israeli networks, we demonstrate that the degree to which the local authority is centralized explains the link between the network's leadership and its effectiveness, but only in local authorities with a high socioeconomic status (SES). In addition, we find that in Israeli Arab municipalities such centralization is counterproductive, impeding the network's effectiveness. We discuss the theoretical and practical implications of these findings. – Reproduced
650 _aNetwork leadership, Network effectiveness, Centralization, Local context, Ethnicity.
_933536
773 _aAmerican Review of Public Administration
906 _aLEADERSHIP
942 _cAR